000 00943nam a2200241Ia 4500
003 GCL
008 140319s9999 xx 000 0 ara d
040 _aGCL /
_cGCL
082 0 4 _a723.3
_bح ا
100 1 _aحيان جواد صيداوى
245 1 0 _aالاسلام وفئوية تطور العمارة العربية /
_cحيان جواد صيداوى
260 _aبيروت :
_bدار المتنبى ،
_c1992
300 _a237 ص ؛
_c30 سم
650 0 4 _aالعمارة الاسلامية
650 0 4 _aالزخرفة المعمارية
650 0 4 _aالمساجد - مصر
650 0 4 _aالزخرفة - تاريخ
650 0 4 _aالزخرفة - تاريخ - عصر خلفاء قرطبة
650 0 4 _aالزخرفة - تاريخ - عصر الرابطين
650 0 4 _aالزخرفة - تاريخ - عصر الموحدين
650 0 4 _aالزخرفة - تاريخ - العصر الطولونى
942 _2ddc
_cBK
999 _c33691
_d33691